000 00622nam a2200193 i 4500
001 77448
003 ES-MaACL
005 20250810063029.0
007 t|
008 041015q1905 xxk |||| | eng d
100 1 _aMcCarthy, Justin,
_d1830-1912
_979526
245 1 0 _aModern England
_b: from the Reform Bill to the accesion of Edward VII /
_cby Justin McCarthy.
250 _a3rd ed.
260 _aLondon :
_bT. Fisher Unwin,
_c[ca. 1905]
300 _aXIV, 360 p. ;
_c20 cm.
651 4 _aGran BretaƱa-
_xHistoria-
_y1901-1910, Eduardo VII.
_9165229
852 _aES-MaACL
_jG-10639
999 _c77448
_d77448